| 000 | 01067aam a2200373 4500 | ||
|---|---|---|---|
| 005 | 20250916121611.0 | ||
| 007 | cr || ||||| | ||
| 008 | 250606t2025 o d fre d | ||
| 020 | _a9782111559554 | ||
| 041 | _afre | ||
| 041 | _bcat | ||
| 041 | _beng | ||
| 041 | _bita | ||
| 041 | _bspa | ||
| 041 | _bglg | ||
| 041 | _brum | ||
| 041 | _bpor | ||
| 245 |
_aVocabulaire des océans _cRépublique française. Délégation générale à la langue française et aux langues de France |
||
| 260 |
_aParis _bRépublique française. Délégation générale à la langue française et aux langues de France _c2025 |
||
| 300 | _a103 p. | ||
| 500 | _btermcat | ||
| 500 | _aÍndexs | ||
| 500 | _aCategoria gramatical | ||
| 520 | _a225 | ||
| 530 | _aTambé disponible en línia | ||
| 546 | _afrancès | ||
| 546 | _aitalià | ||
| 592 | _aObra terminològica | ||
| 593 | _aCK | ||
| 594 | _a11080 | ||
| 650 | 0 |
_aoceanografia _961189 |
|
| 856 | _uhttps://www.culture.fr/franceterme/Nos-publications/Vocabulaire-des-oceans | ||
| 942 |
_cMO _n0 _2ddc |
||
| 999 |
_c69298 _d69298 |
||